000 00340 a2200157 4500
001 15477
020 _a9788526246713
040 _cAnchieta - Bela Vista
100 _aLlewellyn, Clarie
240 1 0 _aVerdura? Não!
_lpor
245 1 0 _aVerdura? Não!
300 _a32 p.
362 0 _a2003
650 4 _aLiteratura infantil
942 _cBK
999 _c15477
_d15477